000 01118nam a2200241Ia 4500
003 Ost
005 20260507074857.0
008 260507s9999||||xx |||||||||||||| ||und||
040 _cfsecg
041 _aara
082 _a659.1
100 _aالنادي، نور الدين
_eمؤلف
245 0 _aالدعاية والإعلان في السينما والتلفزيون /
_c نور الدين النادي
260 _aعمان:
_bمكتبة المجتمع العربي للنشر و التوزيع,
_c2006
300 _a179 صفحة؛
_bإيضاحات ؛
_c24 سم
504 _aبيبليوغرافيا: ص.179؛ ملاحق: ص.163
520 _aيضم لمحة تاريخية عن تطور الاعلان، التخطيط للحملة الاعلانية، الجمهور المستهدف، أنواع الوسائل الاعلانية، الرسائل الاعلانية، تقييم النتائج
653 _aالاعلان
653 _aالدعاية
653 _aالوسائل السمعية والبصرية
700 _aعبد شهيب، نجم
_eمؤلف ثانوي
942 _cكتاب
999 _c41620
_d41620